000 00707nam a2200229 a 4500
001 45871
003 BD-RjUL
005 20211209054059.0
008 160728s1961 pk a 000 0 eng
035 _a(BD-RjUL)
035 _a(OCoLC)14772656
040 _aDLC
_cWaU
_dDLC
_dBD-RjU
_beng
041 _aeng
082 _223
_bALO 1961
_a297.922
100 1 _aAli, Hamid,
_9140292
245 0 0 _aOmar, the empire builder, commander of the faithful, second caliph of Islam /
_cAli, Hamid
250 _a1st ed.
260 _aDacca :
_bPakistan Press Syndicate,
_c1961.
300 _a391 p. :
_bill. ;
_c19 cm.
600 0 0 _aʻUmar ibn al-Khaṭṭāb,
_cCaliph,
_d-644.
_9140293
942 _2ddc
_cBK
999 _c45871
_d45871